Vista normal Vista MARC

Entrada Topical Term

Número de registros utilizados en: 1

001 - CONTROL NUMBER

  • control field: 14311

003 - CONTROL NUMBER IDENTIFIER

  • control field: OSt

005 - DATE AND TIME OF LATEST TRANSACTION

  • control field: 20210303142221.0

008 - FIXED-LENGTH DATA ELEMENTS

  • fixed length control field: 210303|| aca||aabn | a|a d

040 ## - CATALOGING SOURCE

  • Original cataloging agency: OSt
  • Transcribing agency: OSt

150 ## - HEADING--TOPICAL TERM

  • Topical term or geographic name entry element: Proceso penal

670 ## - SOURCE DATA FOUND

  • Source citation: Work cat.: (OSt): Grosso García, Manuel Salvador, autor 14310, El concepto del delito en el código penal : , 2007